Marks' essentials of medical biochemistry : (Record no. 80710)

MARC details
000 -LEADER
fixed length control field 01189nam a22002537a 4500
003 - CONTROL NUMBER IDENTIFIER
control field URS
005 - DATE AND TIME OF LATEST TRANSACTION
control field 20240715224725.0
008 - FIXED-LENGTH DATA ELEMENTS--GENERAL INFORMATION
fixed length control field 240715b |||||||| |||| 00| 0 eng d
020 ## - INTERNATIONAL STANDARD BOOK NUMBER
International Standard Book Number 978-1-4511-9006-9
040 ## - CATALOGING SOURCE
Description conventions rda
Transcribing agency URS
Language of cataloging English
050 10 - LIBRARY OF CONGRESS CALL NUMBER
Classification number QP514.2
Item number .L621 2015
100 ## - MAIN ENTRY--PERSONAL NAME
Personal name Lieberman, Michael,
Relator term author.
9 (RLIN) 5874
245 00 - TITLE STATEMENT
Title Marks' essentials of medical biochemistry :
Remainder of title a clinical approach /
Statement of responsibility, etc Michael Lieberman and Alisa Peet.
250 ## - EDITION STATEMENT
Edition statement Second edition
264 ## - PUBLICATION, DISTRIBUTION, ETC. (IMPRINT)
Place of publication, distribution, etc Philadelphia :
Name of publisher, distributor, etc Lippincott Williams & Wilkins,
Date of publication, distribution, etc ©2015.
300 ## - PHYSICAL DESCRIPTION
Extent ix, 622 pages :
Other physical details color illustrations ;
Dimensions 23 cm.
336 ## - CONTENT TYPE
Content type term text
Content type code txt
Source rdacontent
337 ## - MEDIA TYPE
Media type term unmediated
Media type code n
Source rdamedia
338 ## - CARRIER TYPE
Carrier type term volume
Carrier type code nc
Source rdacarrier
504 ## - BIBLIOGRAPHY, ETC. NOTE
Bibliography, etc Includes indexes.
505 ## - FORMATTED CONTENTS NOTE
Formatted contents note Section 1. Introduction to medical biochemistry and an overview of fuel metabolism -- Section 2. Chemical and biological foundations of biochemistry -- Section 3. Gene expression and protein synthesis -- Section 4. Fuel oxidation and the generation of ATP -- Section 5. Carbohydrate metabolism -- Section 6. Lipid metabolism -- Section 7. Nitrogen metabolism.
700 ## - ADDED ENTRY--PERSONAL NAME
Personal name Peet, Alisa,
Relator term author.
9 (RLIN) 5875
942 ## - ADDED ENTRY ELEMENTS (KOHA)
Source of classification or shelving scheme Library of Congress Classification
Koha item type Reserved Books
Holdings
Withdrawn status Lost status Source of classification or shelving scheme Damaged status Not for loan Collection code Home library Current library Shelving location Date acquired Source of acquisition Total Checkouts Full call number Barcode Date last seen Copy number Koha item type
    Library of Congress Classification     Non-fiction Taytay College Library Taytay College Library Reserve Section 07/15/2024 Donation   QP514.2 .L621 2015 URSTAY-5618 06/04/2025 1 Reserved Books

University of Rizal System
Email us at univlibservices@urs.edu.ph

Visit our Website www.urs.edu.ph/library